| 000 | 00508nam a2200193Ia 4500 | ||
|---|---|---|---|
| 003 | GCL | ||
| 008 | 140319s9999 xx 000 0 eng d | ||
| 040 |
_aGCL / _cGCL |
||
| 082 | 0 | 4 |
_a657 _bM A |
| 100 | 1 | _aMEIGS, ROBET F. | |
| 245 | 1 | 0 |
_aACCOUNTING: THE BASIS FOR BUSINESS DECISIONS / _cMEIGS, ROBET F. |
| 700 | 1 | _aMEIGS, WALTER B. | |
| 260 |
_a[S.N] : _bMEGRAW-HILL, JNC. ، _c1993 |
||
| 300 | _a1223 | ||
| 650 | 0 | 4 | _aBUSINESS |
| 650 | 0 | 4 | _aACCOUNTING |
| 650 | 0 | 4 | _aBUSINESS DECISION |
| 942 |
_2ddc _cBK |
||
| 999 |
_c16281 _d16281 |
||